| 000 | 01280nam a2200265Ia 4500 | ||
|---|---|---|---|
| 999 |
_c40757 _d40757 |
||
| 001 | 7396 | ||
| 003 | GE_BSU | ||
| 005 | 20191223173516.0 | ||
| 008 | 181216s2003||||ge |||||||||||||| ||geo|| | ||
| 020 | _a9789941434235 | ||
| 040 | _cGE_BSU | ||
| 041 | _ageo | ||
| 080 | _a37.016:003-028.31 ხ-20 | ||
| 100 |
_aხალვაში, ხათუნა _95928 |
||
| 245 |
_aწერა ზოგადი განათლების საბაზო და საშუალო საფეხურზე / _cხათუნა ხალვაში ; რედ. ციალა მეგრელაძე. |
||
| 264 |
_aბათუმი : _bშოთა რუსთაველის სახ. უნ-ტი, _c2013. |
||
| 300 |
_a221გვ. _b20 სმ. |
||
| 501 | _aანბ. საძიებელი: გვ. 217-220. | ||
| 504 | _aბიბლიოგრ.: გვ. 210-216. | ||
| 653 | _a წერის სწავლების მეთოდიკა სკოლებში | ||
| 653 | _aპედაგოგიკა | ||
| 700 |
_aმეგრელაძე, ციალა _eრედაქტორი _91081 |
||
| 710 |
_aშოთა რუსთაველის სახელმწ. უნ-ტი _95929 |
||
| 942 |
_cBK _2udc |
||